Thirty years in cotton cirles
Guardat en:
| Autor principal: | |
|---|---|
| Format: | Llibre |
| Idioma: | Undetermined |
| Publicat: |
Japan
1935
|
| Matèries: | |
| Etiquetes: |
Afegir etiqueta
Sense etiquetes, Sigues el primer a etiquetar aquest registre!
|
| Thư viện lưu trữ: | Trung tâm Học liệu Trường Đại học Cần Thơ |
|---|
| LEADER | 00433nam a2200169Ia 4500 | ||
|---|---|---|---|
| 001 | CTU_96372 | ||
| 008 | 210402s9999 xx 000 0 und d | ||
| 082 | |a 338 | ||
| 082 | |b Y21 | ||
| 100 | |a Koyata, Yamamoto | ||
| 245 | 0 | |a Thirty years in cotton cirles | |
| 245 | 0 | |c Koyata Yamamoto | |
| 260 | |a Japan | ||
| 260 | |c 1935 | ||
| 650 | |a Cotton trade | ||
| 904 | |i Tuyến | ||
| 980 | |a Trung tâm Học liệu Trường Đại học Cần Thơ | ||